| 000 | 00549nam a2200193Ia 4500 | ||
|---|---|---|---|
| 005 | 20250508152701.0 | ||
| 008 | 008 250505s9999 xx 000 0 eng d | ||
| 037 | _aTextual | ||
| 040 |
_aFEDL _beng _cFEDL |
||
| 041 |
_aeng _2eng |
||
| 084 |
_a371.42, WYN _qFEDL |
||
| 100 |
_aWynn Richard _9497800 |
||
| 245 | 0 | _aCareers in education | |
| 260 |
_aNew York, USA _bMcGraw Hill Book Company Inc. _c1960 |
||
| 300 | _axi,307p | ||
| 650 |
_aCareers - Education _9762138 |
||
| 942 |
_cTEXL _h371.42, WYN |
||
| 999 |
_c1338035 _d1338035 |
||